000 00761nam a2200253Ia 4500
003 OSt
005 20221005081007.0
006 a|||||r|||| 00| 0
007 ta
008 221004b |||||||| |||| 00| 0 eng d
020 _a9788182747487 (hbk)
_c995
024 _a9196
037 _b838, 15/01/2014, Bright Book Service
_cTextual
040 _aCRL
_cCRL
_beng
041 _2eng
_aeng
082 _aX:77.49G, Q4
100 _aSumitra Kumar Ed.
_9610773
245 0 _aStability and growth in south asia
260 _aNew Delhi
_bPentagon Press India
_c2014
300 _axxi, 332p.
_ccm.
650 _aECONOMICS
942 _hX:77.49G, Q4
_cTEXL
_2cc
999 _c987000
_d987000